Devinez le parcours de ces joueurs de foot N°11 - Statistiques

Statistiques générales
  • Ce quiz a été pris 1 866 fois
    1 853 depuis la dernière actualisation
  • Le résultat moyen est 8 sur 12
Statistiques - réponses
Par images Réponse % Correct
Alcantara
79%
Casillas
76%
Platini
74%
Rakitic
70%
Silva
70%
Alaba
69%
Motta
62%
Lahm
61%
Mertens
59%
Sommer
59%
Van Basten
56%
Shearer
48%
Aucun quiz correspondant
Distribution des résultats
% des personnes avec chaque résultat
Percentile par nombre de réponses
Votre historique - résultats
Vous n’avez pas pris ce quiz depuis la dernière actualisation